Yüklüyor......

Arthshastra Paribhasha Kosh

Detaylı Bibliyografya
Yazar: Sudarshan Kumar Kapoor
Baskı/Yayın Bilgisi: Radha Publications
LEADER 00195 a2200085 4500
100 |a Sudarshan Kumar Kapoor 
245 |a Arthshastra Paribhasha Kosh 
260 |b Radha Publications 
942 |c BK  |6 _ 
999 |c 67407  |d 67407